书目信息 |
| 题名: |
SPSS for Windows从入门到精通
|
|
| 作者: | 卢纹岱 编著 | |
| 分册: | ||
| 出版信息: | 北京 电子工业出版社 1997 |
|
| 页数: | 13,590页 | |
| 开本: | 26cm | |
| 丛书名: | ||
| 单 册: | ||
| 中图分类: | C81-39 , TP317:C91 | |
| 科图分类: | ||
| 主题词: | 统计分析--软件包 , 统计分析 , 软件包 | |
| 电子资源: | ||
| ISBN: | 7-5053-3978-8 | |
| 000 | 00741nam0 2200253 450 | |
| 001 | 1556276461 | |
| 005 | 20150128153846.68 | |
| 010 | @a7-5053-3978-8@dCNY44.00 | |
| 100 | @a19971202d1997 em y0chiy0110 ea | |
| 101 | 0 | @achi |
| 102 | @aCN@b110000 | |
| 105 | @ay z 000yy | |
| 200 | 1 | @aSPSS for Windows从入门到精通@9SPSS for Windows cong ru men dao jing tong@e统计分析软件@f卢纹岱等编著 |
| 210 | @a北京@c电子工业出版社@d1997 | |
| 215 | @a13,590页@d26cm | |
| 517 | 1 | @a统计分析软件@9tong ji fen xi ruan jian |
| 606 | 0 | @a统计分析@x软件包 |
| 606 | 0 | @a统计分析 |
| 606 | 0 | @a软件包 |
| 690 | @aC81-39@v5 | |
| 690 | @aTP317:C91@v5 | |
| 701 | 0 | @a卢纹岱@9lu wen dai@4编著 |
| 801 | 0 | @aCN@bTSSF@c20150128 |
| 905 | @aZUCC@dC81-39@eJY1 | |
| SPSS for Windows从入门到精通:统计分析软件/卢纹岱等编著.-北京:电子工业出版社,1997 |
| 13,590页;26cm |
| ISBN 7-5053-3978-8:CNY44.00 |
| ● |
| 相关链接 |
|
|
|
|
正题名:SPSS for Windows从入门到精通
索取号:C81-39/JY1
 
预约/预借
| 序号 | 登录号 | 条形码 | 馆藏地/架位号 | 状态 | 备注 |
| 1 | 7844484 | 278444845 | 学院路分馆/ [索取号:C81-39/JY1] | 在馆 |